THE THEORY AND PRACTICAL BOOK OF INDUSTRIAL PHARMACY - I (Record no. 9014)

MARC details
000 -LEADER
fixed length control field 00573nam a22001817a 4500
005 - DATE AND TIME OF LATEST TRANSACTION
control field 20251128120617.0
008 - FIXED-LENGTH DATA ELEMENTS--GENERAL INFORMATION
fixed length control field 251126b |||||||| |||| 00| 0 eng d
020 ## - INTERNATIONAL STANDARD BOOK NUMBER
ISBN 978-93-88022-61-3
041 ## - LANGUAGE CODE
Language code of text/sound track or separate title eng
082 ## - DEWEY DECIMAL CLASSIFICATION NUMBER
Classification number 547 PAT-T
100 ## - MAIN ENTRY--AUTHOR NAME
Personal name PATIL, KETAN B. 2- PATIL, PARESH A. 3- KSHIRSAGAR, SANDIP S. 4- PATIL , NARENDRA B.
245 ## - TITLE STATEMENT
Title THE THEORY AND PRACTICAL BOOK OF INDUSTRIAL PHARMACY - I
250 ## - EDITION STATEMENT
Edition statement RE. PRINT. ED- 2023
260 ## - PUBLICATION, DISTRIBUTION, ETC. (IMPRINT)
Place of publication NEW DELHI
Name of publisher INNOVATIVE PUBLICATION PVT LTD
Year of publication 2023
300 ## - PHYSICAL DESCRIPTION
Number of Pages 207;P
650 ## - SUBJECT ADDED ENTRY--TOPICAL TERM
Topical Term PHARMACY
General subdivision B.PHARMA
942 ## - ADDED ENTRY ELEMENTS (KOHA)
Koha item type Books
Holdings
Lost status Damaged status Collection code Home library Current library Shelving location Date acquired Source of acquisition Cost, normal purchase price Full call number Accession Number Koha item type
    PHARMACY JRU Library JRU Library SHELF-3-E 14/11/2025 PURCHASE 600.00 547 29124 Books